Problems in the manufacture of rubber goods (Record no. 65725)

MARC details
000 -LEADER
fixed length control field 00305nam a2200121Ia 4500
100 ## - MAIN ENTRY--AUTHOR NAME
Personal name James G W
245 #0 - TITLE STATEMENT
Title Problems in the manufacture of rubber goods
260 ## - PUBLICATION, DISTRIBUTION, ETC. (IMPRINT)
Name of publisher IRI Transactions
Year of publication 1932
300 ## - PHYSICAL DESCRIPTION
Number of Pages 189-203
650 ## - SUBJECT ADDED ENTRY--TOPICAL TERM
Topical Term Rubber goods
942 ## - ADDED ENTRY ELEMENTS (KOHA)
Koha item type Journals
Holdings
Withdrawn status Lost status Damaged status Not for loan Home library Current library Shelving location Date acquired Serial Enumeration / chronology Koha item type
      Journals RRII Library RRII Library Rubber chemistry 17/12/2021 Volume 8, Issue 2 Journals